[Event "POL-ChT2"]
[Site "Opole POL"]
[Date "2006.09.07"]
[Round "6"]
[White "Mista, Aleksander"]
[Black "Markowski, Tomasz"]
[Result "1-0"]
[WhiteElo "2493"]
[BlackElo "2547"]
[EventDate "2006.09.02"]
[PlyCount "55"]

1.e4 d6 2.d4 Nf6 3.Nc3 e5 4.Nf3 Nbd7 5.h3 g6 6.Be3 Bg7 7.Qd2 c6 8.O-O-O 
Qe7 9.g4 a6 10.dxe5 dxe5 11.g5 Nh5 12.Bc4 Nf4 13.h4 O-O 14.h5 Nxh5 15.Rxh5
gxh5 16.Nh4 Qb4 17.Qe2 Nb6 18.Bb3 Bg4 19.f3 Be6 20.a3 Qa5 21.Qf2 Nc8 22.
Nf5 Qc7 23.Qh4 Ne7 24.Nxg7 Kxg7 25.Qxh5 Bxb3 26.Qh6+ Kg8 27.Rh1 Rfd8 28.
Bc5 1-0

[Event "POL-ChT2"]
[Site "Opole POL"]
[Date "2006.09.07"]
[Round "6"]
[White "Szczepkowska-Horowska, Karina"]
[Black "Chlost, Marlena"]
[Result "1/2-1/2"]
[WhiteElo "2331"]
[BlackElo "2132"]
[EventDate "2006.09.02"]
[PlyCount "40"]

1.g3 d5 2.Bg2 c5 3.d3 Nc6 4.Nf3 Nf6 5.h3 e6 6.O-O Be7 7.Re1 Qc7 8.e4 O-O 
9.e5 Nd7 10.Bf4 b5 11.Nbd2 Nb6 12.h4 Bb7 13.Ng5 Nd4 14.c3 Nf5 15.Ngf3 a5 
16.Kh2 a4 17.a3 Qd8 18.d4 Nc4 19.Nxc4 dxc4 20.Be3 Nxe3 {=} 1/2-1/2

[Event "POL-ChT2"]
[Site "Opole POL"]
[Date "2006.09.07"]
[Round "6"]
[White "Chojnacki, Krzysztof"]
[Black "Samborski, Henryk"]
[Result "0-1"]
[WhiteElo "2351"]
[BlackElo "2188"]
[EventDate "2006.09.02"]
[PlyCount "110"]

1.e4 d6 2.d4 c6 3.Nc3 Qc7 4.Nf3 Bg4 5.h3 Bh5 6.g4 Bg6 7.Bf4 Nd7 8.e5 e6 9.
Qd2 O-O-O 10.O-O-O dxe5 11.Nxe5 Bd6 12.Bg2 Ngf6 13.Qe1 Nd5 14.Bg3 Nxe5 15.
dxe5 Bb4 16.Nxd5 cxd5 17.Qe2 Kb8 18.Kb1 Rc8 19.Ka1 Qxc2 20.Qb5 Be7 21.a3 
a6 22.Qa5 Qb3 23.Rc1 Bd3 24.Rc3 Rxc3 25.Qxc3 Qxc3 26.bxc3 Bxa3 27.Rd1 Bc4 
28.f4 Rc8 29.Bf2 Bb3 30.Rd3 Rc4 31.Bd4 Bc1 32.Kb1 Bxf4 33.Rf3 g5 34.h4 h6 
35.hxg5 hxg5 36.Rh3 b5 37.Rh8+ Rc8 38.Rh7 Rc7 39.Bf3 Bc4 40.Kb2 Kb7 41.Rh8
a5 42.Rf8 b4 43.cxb4 axb4 44.Bd1 Bd3 45.Kb3 Bd2 46.Bb2 Bc4+ 47.Kc2 Be3 48.
Kb1 d4 49.Rd8 Bd5 50.Bc2 Kb6 51.Bd3 Kc5 52.Rb8 Bc4 53.Be4 d3 54.Bf3 Bb3 
55.Rd8 Bc2+ 0-1

[Event "POL-ChT2"]
[Site "Opole POL"]
[Date "2006.09.07"]
[Round "6"]
[White "Schmidt, Wlodzimierz"]
[Black "Bobula, Mateusz"]
[Result "1/2-1/2"]
[WhiteElo "2437"]
[BlackElo "2254"]
[EventDate "2006.09.02"]
[PlyCount "51"]

1.d4 d5 2.c4 c6 3.Nc3 Nf6 4.Nf3 e6 5.e3 Nbd7 6.Bd3 dxc4 7.Bxc4 b5 8.Be2 a6
9.O-O c5 10.d5 exd5 11.Nxd5 Bb7 12.Nxf6+ Nxf6 13.a4 b4 14.Qxd8+ Rxd8 15.
Nd2 Bd6 16.f3 Nd5 17.Nc4 Bc7 {=} 18.g3 f5 19.e4 fxe4 20.fxe4 Nf6 21.Be3 
Nxe4 22.Rae1 Rf8 23.Bf3 Kd7 24.Bg4+ Kc6 25.Bf5 Nd6 26.Nxd6 1/2-1/2

[Event "POL-ChT2"]
[Site "Opole POL"]
[Date "2006.09.07"]
[Round "6"]
[White "Szwed, Jacek"]
[Black "Urban, Klaudiusz"]
[Result "0-1"]
[WhiteElo "2323"]
[BlackElo "2457"]
[EventDate "2006.09.02"]
[PlyCount "106"]

1.e4 c6 2.d4 d5 3.Nc3 dxe4 4.Nxe4 Bf5 5.Ng3 Bg6 6.Nf3 Nd7 7.Bc4 e6 8.O-O 
Ngf6 9.Re1 Be7 10.c3 O-O 11.Nh4 c5 12.Nxg6 hxg6 13.dxc5 Bxc5 14.Qe2 Qc7 
15.Bb3 Bd6 16.Bg5 Nc5 17.Bc2 Bf4 18.Bxf6 gxf6 19.Nf1 f5 20.Rad1 Rfd8 21.
Qf3 Bg5 22.Ne3 Rxd1 23.Rxd1 Rd8 24.Rxd8+ Bxd8 25.Qe2 Bf6 26.g3 Nd7 27.Qc4 
Qb8 28.Qe2 Kg7 29.Ba4 Nc5 30.Bc2 Qc7 31.Qc4 Qd6 32.Qe2 Qb6 33.Bd1 Ne4 34.
Qc2 Bg5 35.Nf1 Be7 36.Kg2 Bc5 37.f3 Nf6 38.Qe2 a6 39.Bb3 Qd6 40.Nd2 Ba7 
41.Qe1 Qc5 42.Nc4 Nd7 43.a4 g5 44.h3 Nf6 45.Ba2 g4 46.fxg4 Qd5+ 47.Kh2 b5 
48.axb5 axb5 49.gxf5 bxc4 50.fxe6 fxe6 51.Qe2 Qc5 52.Qe1 Ne4 53.h4 Qe3 {
zapis nieczytelny} 0-1

[Event "POL-ChT2"]
[Site "Opole POL"]
[Date "2006.09.07"]
[Round "6"]
[White "Szelag, Marcin"]
[Black "Kulesza, Mateusz"]
[Result "1-0"]
[WhiteElo "2470"]
[BlackElo "2282"]
[EventDate "2006.09.02"]
[PlyCount "75"]

1.e4 e6 2.d4 d5 3.Nc3 Bb4 4.e5 c5 5.a3 Bxc3+ 6.bxc3 Nc6 7.Qg4 g6 8.Nf3 Qa5
9.Bd2 Qa4 10.Ra2 Bd7 11.Qf4 h6 12.dxc5 Qxf4 13.Bxf4 g5 14.Be3 Nge7 15.h3 
Ng6 16.Bd4 f6 17.exf6 e5 18.Be3 Kf7 19.Rb2 Rab8 20.h4 g4 21.h5 gxf3 22.
hxg6+ Kxg6 23.gxf3 h5 24.c4 d4 25.Rg1+ Kxf6 26.Bg5+ Kf7 27.Bh4 Rhg8 28.Rg3
Na5 29.Bd3 Rbc8 30.Rxg8 Rxg8 31.Be4 Be6 32.Bd5 Rb8 33.Rb4 Rc8 34.Rb5 Bxd5 
35.cxd5 b6 36.Rxa5 bxa5 37.c6 Ke8 38.Kd2 1-0

[Event "POL-ChT2"]
[Site "Opole POL"]
[Date "2006.09.07"]
[Round "6"]
[White "Sikorska, Agata"]
[Black "Magnucka, Milena"]
[Result "0-1"]
[WhiteElo "2101"]
[BlackElo "2066"]
[EventDate "2006.09.02"]
[PlyCount "93"]

1.e4 c5 2.Nf3 d6 3.d4 cxd4 4.Nxd4 Nf6 5.Nc3 a6 6.g3 g6 7.Bg2 Bg7 8.O-O O-O
9.a4 Bd7 10.Nb3 Bc6 11.g4 b6 12.f4 Nfd7 13.Be3 Bb7 14.g5 Nc6 15.Qe1 Nc5 
16.Qf2 f6 17.h4 fxg5 18.hxg5 Ne5 19.Qe2 Nxb3 20.cxb3 Nd7 21.Rad1 Qc7 22.
Rc1 Qb8 23.Rfd1 Kh8 24.Nd5 Bxd5 25.exd5 Nc5 26.Rc4 Nxb3 27.Bh3 Nc5 28.Bd4 
Bxd4+ 29.Rcxd4 a5 30.b4 axb4 31.Rxb4 Qe8 32.Qb2+ Kg8 33.Rdd4 Qf7 34.Rxb6 
Qg7 35.Rbb4 Nxa4 36.Qc2 Nc5 37.f5 Ra3 38.Kh2 Qe5+ 39.Rf4 Nd3 40.Re4 Qxd5 
41.fxg6 Ra2 42.Be6+ Qxe6 43.gxh7+ Kxh7 44.Rh4+ Kg7 45.Rxe6 Rxc2+ 46.Kg3 
Rcf2 47.Rxe7+ {zapis nieczytelny} 0-1

[Event "POL-ChT2"]
[Site "Opole POL"]
[Date "2006.09.07"]
[Round "6"]
[White "Dudzinski, Pawel"]
[Black "Plonczak, Dominik"]
[Result "1-0"]
[WhiteElo "2203"]
[BlackElo "2096"]
[EventDate "2006.09.02"]
[PlyCount "121"]

1.e4 e6 2.d4 d5 3.Nd2 Nf6 4.e5 Nfd7 5.f4 c5 6.c3 Nc6 7.Ndf3 a5 8.g3 a4 9.
Ne2 cxd4 10.cxd4 a3 11.b3 b6 12.Bh3 Be7 13.O-O g6 14.Be3 O-O 15.g4 f5 16.
exf6 Nxf6 17.Ng3 Ne8 18.Ne5 Nxe5 19.fxe5 Ba6 20.Rxf8+ Bxf8 21.Bf1 Bxf1 22.
Qxf1 Ra7 23.Qe2 Rf7 24.Kg2 Qc8 25.Rc1 Rc7 26.Rxc7 Qxc7 27.Qd2 Be7 28.Ne2 
Qc6 29.Kg3 Qc7 30.Kf3 Ng7 31.Qc3 Ne8 32.Qd2 Ng7 33.Nc1 Bf8 34.Nd3 Be7 35.
Qc1 Ne8 36.Ke2 Qxc1 37.Bxc1 Nc7 38.Ne1 b5 39.b4 Bxb4 40.Nc2 Be7 41.Bxa3 
Kf7 42.Kd3 Ke8 43.Kc3 Bxa3 44.Nxa3 Kd7 45.Kb4 Kc6 46.Ka5 h6 47.Nc2 h5 48.
Nb4+ Kb7 49.h3 Na8 50.Nd3 hxg4 51.hxg4 Kc6 52.Nc5 Nc7 53.g5 b4 54.Kxb4 Kb6
55.Nd7+ Kc6 56.Nf8 Kb6 57.a4 Na6+ 58.Kb3 Nb8 59.Nxg6 Nc6 60.Kc3 Ka5 61.Nf8
1-0

[Event "POL-ChT2"]
[Site "Opole POL"]
[Date "2006.09.07"]
[Round "6"]
[White "Bernat, Marcin"]
[Black "Dudzinski, Piotr"]
[Result "1/2-1/2"]
[WhiteElo "2220"]
[BlackElo "2254"]
[EventDate "2006.09.02"]
[PlyCount "20"]

1.d4 d5 2.c4 c6 3.Nc3 e6 4.e3 Bd6 5.Qc2 f5 6.Bd3 Nf6 7.f4 O-O 8.Nf3 Ne4 9.
Bd2 Nd7 10.O-O Ndf6 1/2-1/2

[Event "POL-ChT2"]
[Site "Opole POL"]
[Date "2006.09.07"]
[Round "6"]
[White "Wlodarczyk, Oskar"]
[Black "Bernard, Ryszard"]
[Result "1-0"]
[WhiteElo "2282"]
[BlackElo "2356"]
[EventDate "2006.09.02"]
[PlyCount "67"]

1.e4 c5 2.Nf3 d6 3.c3 Nf6 4.Be2 Bd7 5.d3 e5 6.O-O Be7 7.a4 O-O 8.Na3 Nc6 
9.Nc4 Be6 10.Ne3 h6 11.c4 Nh7 12.Bd2 Qd7 13.Bc3 Kh8 14.h3 Nd4 15.Nd5 f5 
16.Nxe7 Nxe2+ 17.Qxe2 Qxe7 18.b4 fxe4 19.Qxe4 Rf4 20.Qe3 Raf8 21.bxc5 Rxf3
22.cxd6 Qf7 23.Qxf3 Qxf3 24.gxf3 Ng5 25.Bxe5 Nxf3+ 26.Kh1 Bxh3 27.d4 Bxf1 
28.Rxf1 Rd8 29.Rb1 Rd7 30.c5 Kg8 31.Kg2 Nxe5 32.dxe5 Kf7 33.Rxb7 Rxb7 34.
c6 1-0

[Event "POL-ChT2"]
[Site "Opole POL"]
[Date "2006.09.07"]
[Round "6"]
[White "Wieclaw, Michal"]
[Black "Jasnikowski, Zbigniew"]
[Result "1/2-1/2"]
[WhiteElo "2229"]
[BlackElo "2411"]
[EventDate "2006.09.02"]
[PlyCount "20"]

1.e4 c5 2.Nf3 d6 3.d4 cxd4 4.Nxd4 Nf6 5.Nc3 a6 6.Be2 e6 7.O-O Be7 8.Be3 
Qc7 9.f4 b5 10.e5 dxe5 1/2-1/2

[Event "POL-ChT2"]
[Site "Opole POL"]
[Date "2006.09.07"]
[Round "6"]
[White "Staniszewski, Piotr"]
[Black "Kaszowski, Dariusz"]
[Result "1/2-1/2"]
[WhiteElo "2424"]
[BlackElo "2299"]
[EventDate "2006.09.02"]
[PlyCount "23"]

1.d4 d5 2.c4 c6 3.cxd5 cxd5 4.Nc3 Nf6 5.Nf3 Nc6 6.Bf4 a6 7.Ne5 e6 8.e3 
Nxe5 9.Bxe5 Bd7 10.Bd3 Be7 11.O-O O-O 12.Qc2 1/2-1/2

[Event "POL-ChT2"]
[Site "Opole POL"]
[Date "2006.09.07"]
[Round "6"]
[White "Wisniewski, Adrian"]
[Black "Kalinin, Oleg"]
[Result "1/2-1/2"]
[WhiteElo "2369"]
[BlackElo "2354"]
[EventDate "2006.09.02"]
[PlyCount "23"]

1.e4 d6 2.d4 Nf6 3.Nc3 e5 4.Nf3 Nbd7 5.Bc4 Be7 6.O-O O-O 7.Re1 c6 8.a4 a5 
9.b3 Qc7 10.Bb2 Nb6 11.Bd3 Bg4 12.dxe5 1/2-1/2

[Event "POL-ChT2"]
[Site "Opole POL"]
[Date "2006.09.07"]
[Round "6"]
[White "Markiewicz, Jerzy"]
[Black "Tworuszka, Michal"]
[Result "1/2-1/2"]
[WhiteElo "2314"]
[BlackElo "2305"]
[EventDate "2006.09.02"]
[PlyCount "38"]

1.d4 d5 2.c4 e6 3.Nc3 Ne7 4.Nf3 Nbc6 5.Bf4 a6 6.e3 g6 7.Rb1 Bg7 8.Be2 O-O 
9.O-O h6 10.b4 g5 11.Bg3 Nf5 12.b5 Nxg3 13.hxg3 axb5 14.cxb5 Ne7 15.Qb3 
Qd6 16.a4 Bd7 17.Rfc1 f5 18.Nd1 b6 19.Nb2 g4 1/2-1/2

[Event "POL-ChT2"]
[Site "Opole POL"]
[Date "2006.09.07"]
[Round "6"]
[White "Smagacz, Dariusz"]
[Black "Pazdziora, Michal"]
[Result "1-0"]
[WhiteElo "2227"]
[BlackElo "2151"]
[EventDate "2006.09.02"]
[PlyCount "51"]

1.e4 c5 2.Nf3 e6 3.d4 cxd4 4.Nxd4 a6 5.Nc3 d6 6.Be2 Nf6 7.O-O Nbd7 8.f4 b5
9.Bf3 Bb7 10.a3 Rc8 11.Kh1 Qc7 12.Qe1 Be7 13.e5 Ng8 14.exd6 Bxd6 15.Ndxb5 
axb5 16.Nxb5 Qb6 17.Nxd6+ Qxd6 18.Bxb7 Rxc2 19.Be4 Rc8 20.Bd2 Ndf6 21.Bb4 
Qd4 22.Bb7 Rc7 23.Rd1 Qa7 24.Qd2 Qb8 25.Qd6 Ne7 26.Ba5 1-0

[Event "POL-ChT2"]
[Site "Opole POL"]
[Date "2006.09.07"]
[Round "6"]
[White "Misiuga, Andrzej"]
[Black "Wojciechowski, Adam"]
[Result "1-0"]
[WhiteElo "2199"]
[BlackElo "2197"]
[EventDate "2006.09.02"]
[PlyCount "67"]

1.Nf3 d5 2.g3 c6 3.Bg2 Bg4 4.O-O Nd7 5.d3 e6 6.c4 Bd6 7.Nc3 Ne7 8.cxd5 
exd5 9.h3 Bh5 10.Bd2 O-O 11.Rc1 Bxf3 12.Bxf3 f5 13.e3 Ne5 14.Be2 g5 15.f4 
Nf7 16.Bf3 Ng6 17.Rf2 d4 18.Ne2 dxe3 19.Bxe3 Qe7 20.Qd2 Bb4 21.Nc3 gxf4 
22.Bxf4 Nxf4 23.gxf4 Kh8 24.Rg2 Rae8 25.a3 Bd6 26.Nd5 Bc5+ 27.d4 cxd5 28.
dxc5 Qf6 29.Rd1 Rg8 30.Qd4 Re1+ 31.Kh2 Rxg2+ 32.Kxg2 Qxd4 33.Rxd4 Re4 34.
Bxe4 1-0

[Event "POL-ChT2"]
[Site "Opole POL"]
[Date "2006.09.07"]
[Round "6"]
[White "Szydlowska, Marta"]
[Black "Zielinska, Marta"]
[Result "1/2-1/2"]
[WhiteElo "2048"]
[BlackElo "2353"]
[EventDate "2006.09.02"]
[PlyCount "208"]

1.d4 d6 2.e4 g6 3.Nc3 Bg7 4.Bc4 e6 5.Bb3 Nd7 6.f4 Ne7 7.Nf3 a6 8.a4 b6 9.
O-O Bb7 10.Qe1 c5 11.Be3 Qc7 12.Rd1 c4 13.Ba2 d5 14.exd5 Nxd5 15.Ne5 Nb4 
16.Qe2 O-O 17.Nxd7 Nxa2 18.Nxf8 Nxc3 19.bxc3 Bxf8 20.Rb1 Bd5 21.Qg4 Bd6 
22.Bd2 Qc6 23.Be1 Rb8 24.Ra1 Be4 25.Ra2 h5 26.Qg5 Re8 27.Bd2 Be7 28.Qg3 h4
29.Qf2 Bd5 30.Re1 Kg7 31.Qe2 Rh8 32.h3 Rh5 33.Rf1 Rf5 34.Qg4 Be4 35.Qe2 
Ra5 36.Rfa1 Bd8 37.Be1 Rf5 38.Bd2 Bc7 39.Rf1 Bd5 40.Qg4 Rh5 41.Qe2 Qd7 42.
Rfa1 Qd8 43.Rf1 Qd6 44.Qg4 Qc6 45.Qe2 Kg8 46.Qg4 Rf5 47.Qe2 Qe8 48.Be3 Qb8
49.Qg4 Qa8 50.Qe2 Bd8 51.Qg4 Qc6 52.Qe2 Be4 53.Bd2 Ra5 54.Rfa1 Bf5 55.Be3 
Bc7 56.Bd2 g5 57.Qf2 Bg6 58.g3 hxg3 59.Qxg3 gxf4 60.Bxf4 Bxf4 61.Qxf4 Rf5 
62.Qg3 Qd5 63.h4 Rf3 64.Qg2 Qe4 65.Rf1 Qe3+ 66.Kh2 Rxf1 67.Qxf1 Qxc3 68.
Qf2 Kh7 69.Qf4 Bf5 70.Qf2 Qh3+ 71.Kg1 Qg4+ 72.Kh2 Qh3+ 73.Kg1 Qc3 74.Kh2 
a5 75.Qg3 Qd2+ 76.Kg1 Qxd4+ 77.Kh2 Qd2+ 78.Kg1 Qd1+ 79.Kh2 Be4 80.Qf2 Qh1+
81.Kg3 Bf5 82.Kf4 Qe4+ 83.Kg3 Qe5+ 84.Kg2 Qd5+ 85.Kh2 c3 86.Ra1 Qd2 87.
Qxd2 cxd2 88.Rd1 Bxc2 89.Rxd2 Bxa4 90.Rd6 Bb3 91.Rxb6 a4 92.Kg3 Kg6 93.Kf4
f6 94.Rb8 e5+ 95.Ke3 f5 96.Rb5 Kf6 97.Rb6+ Kf7 98.h5 Kg7 99.Ra6 f4+ 100.
Ke4 Bc2+ 101.Kxe5 f3 102.h6+ Kh7 103.Rf6 Bd1 104.Kd4 Be2 1/2-1/2

[Event "POL-ChT2"]
[Site "Opole POL"]
[Date "2006.09.07"]
[Round "6"]
[White "Antoniewski, Rafal"]
[Black "Juroszek, Tadeusz"]
[Result "1/2-1/2"]
[WhiteElo "2509"]
[BlackElo "2387"]
[EventDate "2006.09.02"]
[PlyCount "23"]

1.e4 c5 2.Nf3 e6 3.d4 cxd4 4.Nxd4 a6 5.Nc3 b5 6.Bd3 Qb6 7.Nf3 Nc6 8.O-O 
Qb8 9.Bg5 Nge7 10.Bh4 Ng6 11.Bg3 d6 12.a4 1/2-1/2

[Event "POL-ChT2"]
[Site "Opole POL"]
[Date "2006.09.08"]
[Round "7"]
[White "Kuzmicz, Krystian"]
[Black "Dawidow, Jacek"]
[Result "1/2-1/2"]
[WhiteElo "2375"]
[BlackElo "2337"]
[EventDate "2006.09.02"]
[PlyCount "29"]

1.e4 c5 2.d3 e6 3.g3 d5 4.Nd2 Nc6 5.Bg2 g6 6.Ne2 Bg7 7.O-O Nge7 8.f4 O-O 
9.c3 Rb8 10.Nf3 dxe4 11.dxe4 Qxd1 12.Rxd1 b6 13.e5 Ba6 14.Kf2 f6 15.exf6 
1/2-1/2

[Event "POL-ChT2"]
[Site "Opole POL"]
[Date "2006.09.08"]
[Round "7"]
[White "Smagacz, Dariusz"]
[Black "Sendera, Jaroslaw"]
[Result "1/2-1/2"]
[WhiteElo "2227"]
[BlackElo "2334"]
[EventDate "2006.09.02"]
[PlyCount "99"]

1.e4 c5 2.Nf3 d6 3.d4 cxd4 4.Nxd4 Nf6 5.Nc3 Nc6 6.Be2 e5 7.Nb3 Be7 8.O-O 
O-O 9.f4 a5 10.a4 Nb4 11.Kh1 Be6 12.f5 Bd7 13.Bf3 Bc6 14.Qe2 Qc7 15.Bg5 h6
16.Be3 b6 17.Rad1 Rfd8 18.Qf2 Rab8 19.Rfe1 d5 20.exd5 Nbxd5 21.Nxd5 Bxd5 
22.Bxd5 Rxd5 23.Rxd5 Nxd5 24.Bc1 Bd6 25.Qf3 Nf6 26.Qe2 e4 27.g3 Qc6 28.Nd4
Qxa4 29.Be3 Bc5 30.c3 Re8 31.Rf1 Qd7 32.Nc2 Qd3 33.Re1 Rd8 34.Bd4 Bxd4 35.
Nxd4 Qxe2 36.Rxe2 Rd5 37.h3 b5 38.g4 b4 39.Kg2 Kf8 40.Kg3 bxc3 41.bxc3 Rc5
42.Rc2 Nd5 43.Nb3 Rb5 44.Nd4 Rb1 45.Ra2 Rg1+ 46.Kf2 Rc1 47.Ne2 e3+ 48.Kf3 
Rh1 49.Rxa5 Nf6 50.Nf4 1/2-1/2

[Event "POL-ChT2"]
[Site "Opole POL"]
[Date "2006.09.08"]
[Round "7"]
[White "Majdan, Joanna"]
[Black "Szydlowska, Marta"]
[Result "0-1"]
[WhiteElo "2314"]
[BlackElo "2048"]
[EventDate "2006.09.02"]
[PlyCount "138"]

1.e4 c6 2.d4 d5 3.Nc3 dxe4 4.Nxe4 Nf6 5.Nxf6+ gxf6 6.Nf3 Bg4 7.Be2 e6 8.
O-O Nd7 9.Re1 Qc7 10.h3 Bh5 11.c4 O-O-O 12.Be3 Nb6 13.Qc2 Bg6 14.Qc3 Rg8 
15.a4 Bf5 16.Kh1 Be7 17.a5 Nd7 18.a6 b6 19.c5 b5 20.Nd2 Nf8 21.Rg1 e5 22.
Nb3 e4 23.Qc1 Ng6 24.Bh5 Qd7 25.Kh2 Qd5 26.Bd1 Be6 27.Na5 f5 28.Nb7 Rde8 
29.Ra3 Qd7 30.Kh1 Qc7 31.g3 Bd5 32.Kh2 Rh8 33.Bh5 Reg8 34.b4 Nf8 35.Bf4 
Qd7 36.Be5 f6 37.Bd6 Rg5 38.Be2 Ne6 39.Qe3 Bxd6 40.cxd6 Rhg8 41.Qc3 Kb8 
42.Raa1 f4 43.gxf4 Nxf4 44.Rxg5 Rxg5 45.Qe3 Rg2+ 46.Kh1 Rxf2 47.Bg4 f5 48.
Kg1 Rg2+ 49.Kf1 Bc4+ 50.Ke1 Nd3+ 51.Kf1 Nf4+ 52.Ke1 Nd3+ 53.Kf1 Rf2+ 54.
Kg1 fxg4 55.Qxe4 gxh3 56.Re1 Rg2+ 57.Qxg2 hxg2 58.Re7 Qxe7 59.dxe7 Bf7 60.
Nd6 Bg6 61.e8=Q+ Bxe8 62.Nxe8 Nf4 63.Ng7 Kc7 64.Nf5 Kd7 65.Nh4 Ke6 66.Nf3 
Kd5 67.Kh2 Nd3 68.Kxg2 Nxb4 69.Kf2 Nxa6 0-1

[Event "POL-ChT2"]
[Site "Opole POL"]
[Date "2006.09.08"]
[Round "7"]
[White "Chlost, Marlena"]
[Black "Sikorska, Agata"]
[Result "0-1"]
[WhiteElo "2132"]
[BlackElo "2101"]
[EventDate "2006.09.02"]
[PlyCount "88"]

1.e4 c5 2.Nf3 Nc6 3.d4 cxd4 4.Nxd4 Nf6 5.Nc3 d6 6.Be3 e5 7.Nb3 Be7 8.f3 
O-O 9.Qd2 Be6 10.O-O-O a5 11.Bb5 Na7 12.Kb1 Nxb5 13.Nxb5 a4 14.Nc1 d5 15.
exd5 Nxd5 16.Qe2 Qc8 17.Bd2 f6 18.g4 Qc6 19.Rhe1 Bf7 20.f4 Rfc8 21.c4 Qxc4
22.Qxc4 Rxc4 23.Ne2 Bc5 24.fxe5 fxe5 25.Rc1 Bg6+ 26.Ka1 Rxc1+ 27.Rxc1 Be3 
28.Bxe3 Nxe3 29.a3 Nxg4 30.h3 Nf2 31.Rc7 Rd8 32.Nec3 e4 33.Rxb7 Nxh3 34.
Re7 Ng5 35.Nc7 h5 36.Re5 Nf3 37.Ra5 h4 38.N3d5 h3 39.Ne7+ Kh7 40.Nxg6 h2 
41.Nf8+ Rxf8 42.Rh5+ Kg6 43.Rh3 Rc8 44.Nd5 Rc1+ 0-1

[Event "POL-ChT2"]
[Site "Opole POL"]
[Date "2006.09.08"]
[Round "7"]
[White "Plonczak, Dominik"]
[Black "Owczarzak, Jerzy"]
[Result "1/2-1/2"]
[WhiteElo "2096"]
[BlackElo "2380"]
[EventDate "2006.09.02"]
[PlyCount "104"]

1.e4 e6 2.d4 d5 3.Nc3 Nf6 4.e5 Nfd7 5.f4 c5 6.Nf3 a6 7.Be3 Qb6 8.a3 Nc6 9.
Be2 cxd4 10.Nxd4 Bc5 11.Na4 Qa5+ 12.c3 Bxd4 13.Bxd4 Nxd4 14.Qxd4 O-O 15.
O-O b6 16.Bd1 b5 17.b4 Qc7 18.Nb2 Bb7 19.a4 Rfc8 20.Rc1 bxa4 21.Nxa4 Bc6 
22.Nb2 Bb5 23.Rf2 a5 24.Rfc2 Nb6 25.Bf3 Bc4 26.Nxc4 Nxc4 27.Be2 Qb7 28.
bxa5 Rxa5 29.Bd3 g6 30.h4 Qe7 31.g3 h5 32.Re2 Ra4 33.Qf2 Qa3 34.Qe1 Na5 
35.Rcc2 Nb3 36.Kh2 Qc5 37.Qg1 Qa5 38.Qe3 Kg7 39.c4 Na1 40.Rc1 dxc4 41.Bb1 
Ra3 42.Qe4 c3 43.Rd1 Ra4 44.Qb7 Rd8 45.Rd7 Rxd7 46.Qxd7 Rb4 47.Bxg6 Kxg6 
48.f5+ exf5 49.e6 Rb2 50.Qxf7+ Kh6 51.Qf6+ Kh7 52.Qf7+ Kh6 1/2-1/2

[Event "POL-ChT2"]
[Site "Opole POL"]
[Date "2006.09.08"]
[Round "7"]
[White "Tomczak, Jacek"]
[Black "Bernat, Marcin"]
[Result "1-0"]
[WhiteElo "2389"]
[BlackElo "2220"]
[EventDate "2006.09.02"]
[PlyCount "101"]

1.e4 e6 2.d4 d5 3.Nc3 Bb4 4.e5 c5 5.a3 Bxc3+ 6.bxc3 Qa5 7.Bd2 Qa4 8.h4 b6 
9.h5 h6 10.Qg4 Kf8 11.Rh3 Ba6 12.Rf3 Qd7 13.Ne2 Ne7 14.dxc5 bxc5 15.Be3 
Bxe2 16.Bxe2 c4 17.Bc5 Nc6 18.Qf4 Nd8 19.g4 Rc8 20.Bd6 Kg8 21.Bf1 Nec6 22.
a4 Nb7 23.Ba3 Qc7 24.Re3 f6 25.Qg3 fxe5 26.Bh3 Re8 27.O-O-O Nd6 28.g5 hxg5
29.Qxg5 Ne4 30.Qh4 Qf7 31.Bg4 Qxf2 32.Rxe4 Qxh4 33.Bxe6+ Rxe6 34.Rxh4 d4 
35.cxd4 Nxd4 36.Re4 Nc6 37.Rxc4 Rxh5 38.Rd6 Rxd6 39.Bxd6 Nd4 40.Bc5 Nc6 
41.Be3 Nd4 42.c3 Rh3 43.Kd2 Nb3+ 44.Ke2 a5 45.Re4 Rh2+ 46.Kd3 Ra2 47.Rxe5 
Ra1 48.Kc2 Rxa4 49.Kxb3 Rg4 50.Rxa5 Rg3 51.Re5 1-0

[Event "POL-ChT2"]
[Site "Opole POL"]
[Date "2006.09.08"]
[Round "7"]
[White "Urban, Klaudiusz"]
[Black "Wieclaw, Michal"]
[Result "1-0"]
[WhiteElo "2457"]
[BlackElo "2229"]
[EventDate "2006.09.02"]
[PlyCount "104"]

1.Nf3 Nf6 2.c4 c5 3.g3 Nc6 4.d4 cxd4 5.Nxd4 e5 6.Nb5 d6 7.Bg2 Be6 8.N5a3 
Be7 9.O-O O-O 10.Nc3 Qc7 11.Nd5 Bxd5 12.cxd5 Nb4 13.Qb3 Na6 14.Bd2 Nc5 15.
Qc2 Qd7 16.b4 Na4 17.Rfc1 Rfc8 18.Qd1 Bd8 19.Rab1 a6 20.Qb3 h6 21.Nc4 Nb6 
22.Nxb6 Bxb6 23.e3 Rxc1+ 24.Rxc1 Rc8 25.Rxc8+ Qxc8 26.a4 Qd8 27.a5 Bc7 28.
Qc4 Qd7 29.e4 Bd8 30.Be3 Kf8 31.f3 Ke8 32.h4 Qc7 33.Qd3 Qd7 34.Kh2 Qa4 35.
Qc3 Qb5 36.Kg1 Qa4 37.Qc8 Qd7 38.Bh3 Qe7 39.Bb6 Nh5 40.Kh2 g5 41.hxg5 hxg5
42.Bxd8 Qxd8 43.Qxb7 Qf6 44.Bg4 Qh6 45.Kg2 Nf6 46.Qxa6 Nxg4 47.fxg4 Qh7 
48.Qc8+ Ke7 49.Qc4 Qg8 50.Qc7+ Kf6 51.Qxd6+ Kg7 52.Qxe5+ Kh7 1-0

[Event "POL-ChT2"]
[Site "Opole POL"]
[Date "2006.09.08"]
[Round "7"]
[White "Kaszowski, Dariusz"]
[Black "Szelag, Marcin"]
[Result "0-1"]
[WhiteElo "2299"]
[BlackElo "2470"]
[EventDate "2006.09.02"]
[PlyCount "102"]

1.d4 Nf6 2.Nf3 g6 3.c3 Bg7 4.Bg5 d5 5.e3 O-O 6.Nbd2 Nbd7 7.Bd3 Re8 8.O-O 
e5 9.dxe5 Nxe5 10.Nxe5 Rxe5 11.Nf3 Re8 12.Qc2 Bg4 13.Be2 c6 14.Nd4 Bxe2 
15.Qxe2 Qb6 16.Bxf6 Bxf6 17.Qc2 Rac8 18.Nf3 a5 19.Qb3 Qa6 20.a4 Rb8 21.Nd4
Be7 22.Rfd1 Bc5 23.Rd2 Re4 24.Qc2 Rbe8 25.g3 h5 26.h4 Qb6 27.Kg2 Qc7 28.
Nf3 Bxe3 29.fxe3 Rg4 30.Rf1 Qxg3+ 31.Kh1 Rxe3 32.Rg2 Qh3+ 33.Nh2 Rxg2 34.
Qxg2 Qxh4 35.Qf2 Qe7 36.Qf6 Qxf6 37.Rxf6 Re2 38.b4 d4 39.cxd4 axb4 40.Rf3 
Rd2 41.Rb3 Rxd4 42.Nf3 Rd1+ 43.Kg2 c5 44.Ne5 Rc1 45.Rf3 Rc2+ 46.Kf1 c4 47.
Ke1 b3 48.Kd1 c3 49.Nc4 h4 50.a5 g5 51.Rf5 Rg2 0-1

[Event "POL-ChT2"]
[Site "Opole POL"]
[Date "2006.09.08"]
[Round "7"]
[White "Zielinska, Marta"]
[Black "Szczepkowska-Horowska, Karina"]
[Result "1/2-1/2"]
[WhiteElo "2353"]
[BlackElo "2331"]
[EventDate "2006.09.02"]
[PlyCount "51"]

1.d4 d6 2.Nf3 Nf6 3.c4 Nbd7 4.Nc3 e5 5.e4 Be7 6.Be2 O-O 7.O-O c6 8.Qc2 Re8
9.Rd1 Qc7 10.b3 Bf8 11.Rb1 exd4 12.Nxd4 Nc5 13.f3 g6 14.Bg5 Nh5 15.Qd2 Ne6
16.Nxe6 Bxe6 17.g4 Ng7 18.Bf4 Red8 19.c5 Ne8 20.Kg2 Qe7 21.cxd6 Nxd6 22.
Qe3 Ne8 23.h4 Qc5 24.e5 Qxe3 25.Bxe3 Bg7 26.Rxd8 1/2-1/2

[Event "POL-ChT2"]
[Site "Opole POL"]
[Date "2006.09.08"]
[Round "7"]
[White "Pazdziora, Michal"]
[Black "Matras, Agnieszka"]
[Result "1/2-1/2"]
[WhiteElo "2151"]
[BlackElo "2212"]
[EventDate "2006.09.02"]
[PlyCount "90"]

1.d4 d5 2.Nf3 Nf6 3.g3 c6 4.Bg2 Bf5 5.b3 e6 6.Bb2 Bd6 7.Nbd2 Nbd7 8.c4 O-O
9.O-O Ne4 10.Nh4 Ndf6 11.Nxe4 Bxe4 12.f3 Bg6 13.e4 Be7 14.Nxg6 hxg6 15.Qe2
Qb6 16.Kh1 a5 17.Bc3 Bb4 18.c5 Qa6 19.Qc2 Bxc3 20.Qxc3 dxe4 21.fxe4 a4 22.
b4 a3 23.Rf2 Rfd8 24.Rb1 Rd7 25.Rb3 e5 26.d5 cxd5 27.b5 Qa4 28.exd5 Nxd5 
29.Qxe5 Qc4 30.c6 bxc6 31.bxc6 Re7 32.Rb8+ Rxb8 33.Qxb8+ Kh7 34.Qb1 Qxc6 
35.Qd1 Ne3 36.Bxc6 Nxd1 37.Rd2 Nc3 38.Rd3 Re1+ 39.Kg2 Rc1 40.Be8 f6 41.Bf7
Rc2+ 42.Kf3 Nxa2 43.Rxa3 Nb4 44.Ra4 Rb2 45.h3 g5 1/2-1/2

[Event "POL-ChT2"]
[Site "Opole POL"]
[Date "2006.09.08"]
[Round "7"]
[White "Bobula, Mateusz"]
[Black "Markiewicz, Jerzy"]
[Result "1-0"]
[WhiteElo "2254"]
[BlackElo "2314"]
[EventDate "2006.09.02"]
[PlyCount "95"]

1.d4 Nf6 2.c4 g6 3.Nf3 Bg7 4.g3 O-O 5.Bg2 d6 6.O-O Nbd7 7.Nc3 e5 8.h3 exd4
9.Nxd4 Nb6 10.b3 c5 11.Nc2 Be6 12.e4 Qd7 13.Kh2 Ng4+ 14.hxg4 Bxc3 15.Bh6 
Bxa1 16.Qxa1 f6 17.Bxf8 Rxf8 18.f3 Qe7 19.Ne3 Bd7 20.Qc3 Bc6 21.Qa5 Nc8 
22.Rd1 b6 23.Qd2 Qe5 24.f4 Qe6 25.Re1 Re8 26.g5 fxg5 27.Bh3 Qe7 28.Nd5 
Bxd5 29.Qxd5+ Qf7 30.Qxg5 Ne7 31.Rd1 Rd8 32.e5 d5 33.e6 Qg7 34.Rxd5 Rxd5 
35.cxd5 h6 36.Qh4 g5 37.fxg5 Nxd5 38.gxh6 Qe5 39.Qd8+ Kh7 40.Qf8 Qe2+ 41.
Bg2 Qh5+ 42.Kg1 Qd1+ 43.Bf1 Qd4+ 44.Kh1 Qe4+ 45.Bg2 Qe5 46.Bf3 Ne3 47.e7 
Nf5 48.e8=Q 1-0

[Event "POL-ChT2"]
[Site "Opole POL"]
[Date "2006.09.08"]
[Round "7"]
[White "Kalinin, Oleg"]
[Black "Szwed, Jacek"]
[Result "1/2-1/2"]
[WhiteElo "2354"]
[BlackElo "2323"]
[EventDate "2006.09.02"]
[PlyCount "60"]

1.Nf3 Nf6 2.c4 g6 3.Nc3 Bg7 4.d4 O-O 5.Bf4 d6 6.h3 Nbd7 7.e3 b6 8.Qc2 Bb7 
9.Rd1 c5 10.d5 a6 11.a4 b5 12.cxb5 Qa5 13.e4 axb5 14.Bxb5 Ba6 15.O-O Rfb8 
16.Rfe1 Bxb5 17.axb5 Ne8 18.e5 dxe5 19.Bxe5 Nxe5 20.Nxe5 Bxe5 21.Rxe5 Ra7 
22.Qe2 Rbb7 23.d6 Nxd6 24.Rxc5 Qb4 25.Rcd5 Qb3 26.Re5 Nc4 27.Rd8+ Kg7 28.
Rc5 Rc7 29.Rxc7 Rxc7 30.Nd5 Rc5 1/2-1/2